000 01166nam a22003497a 4500
003 CHAP
005 20220329133020.0
008 971013s1990 r 00010 d
010 _a1308
011 _a2280
035 _a1473
040 _cCHAP
090 _aTesis
100 0 0 _aGarcía Juárez, Olger.
_946169
245 1 _aEvaluación de tres momentos de inicio de cosecha de semilla de pasto Rhodes (Chloris gayana kunt) var. "Bell"
260 _aChapingo, Méx. :
_bEl autor,
_c1990
300 _a40 h.
502 _aTesis (Ing. Agr. Zootecnista) -- UACH. Departamento de Zootecnia
590 _aALEPH
_b10
_c20130110
_lUCH01
_h1207
590 _aBATCH-UPD
_b10
_c20130110
_lUCH01
_h2053
590 _aBATCH-UPD
_b10
_c20130410
_lUCH01
_h1406
590 _aBATCH-UPD
_b10
_c20130914
_lUCH01
_h1903
590 _aCONVERSION
_b10
_c20130109
_lUCH01
_h1302
650 1 4 _aPastos
_xGerminación.
_986040
650 1 4 _aPastos
_xSemilla.
_986077
650 1 4 _aZacate Rhodes.
_9123398
700 0 _aHustado Loe, Jorge.
_957012
710 0 _aUACH. Departamento de Zootecnia.
_9115904
901 _aBK
942 _cTESIS
949 _bBC
_cTES
_d-10959
_eTS1
_h23352
_i1473
_si
999 _c1308
_d1308